Paper Strengthening Mass Conservation of Unbound and Bound Newspapers

Bibliographic Details
Main Author: Wächter, Otto (Author)
Format: Article
Language:English
Slovak
ISSN:ISSN 0034-5806
Online Access:http://www.viks.sk/chk/res_1_87_111_123.doc

MARC

LEADER 00000nab a2200000 a 4500
001 vtls008638045
003 SK-MaSNL
005 20260303072009.0
008 041124 1987 xo 000 0 eng
035 |a (KIS3G)CLAS02vtls000011768 
040 |a SNKORKD  |b slo  |c SNKORKD  |e AACR2 
041 0 |a slo 
044 |a xo  |c SK 
100 1 |a Wächter, Otto  |4 aut  |9 580684 
245 1 0 |a Paper Strengthening  |b Mass Conservation of Unbound and Bound Newspapers 
520 3 |a SUMARRIES. Introduce by a history of the efforts undertaken by libraries that are confronted with the poor durability of newsprint and by a survey on newsprint chemistry a new system for deacidifying and strengthening is described. The system is based on combined impregnating the volumes with an aqueous solution (or emulsion resp.) of methyl cellulose, a little bit of PVAC and magnesium carbonate in a vacuum chamber and freeze drying them. Most important for good success is choosing an apt type of MC and carrying out freeze drying in an apt manner. 
773 |t Restaurator  |b Copenhagen: Munskgaard, 1987, vol. 8, num. 2-3, s. 111-123  |x ISSN 0034-5806 
856 4 |u http://www.viks.sk/chk/res_1_87_111_123.doc 
910 |a schk 
910 |a memoriask 
999 |c 1762213  |d 1764143